000 01018nam a2200313Ia 4500
008 160901s9999 xx 000 0 und d
020 _a978-1-4188-4332-8
050 _aComSc HF 5548.4
050 _b.M525S54 2008
100 _aShelly, Gary B.
245 _aMicrosoft Office 2007 :
245 _bpost-advanced concepts and techniques /
245 _cGary B. Shelly, Thomas J. Cashman, Misty E. Vermaat; contributing authors Mary Z. Last… [et al]
260 _aBoston, MA :
260 _bThomson Course Tech.,
260 _c2008
300 _aQR 58 pages :
300 _bcol. ill. ;
300 _c58 cm.
440 _aShelly Cashman Series.
500 _aIncludes index.
650 _aBusiness presentations -- Graphic methods -- Computer programs.
650 _aMicrosoft Access.
650 _aMicrosoft Excel (Computer file).
650 _aMicrosoft Office.
650 _xBusiness -- Computer programs.
650 _xMicrosoft PowerPoint (Computer file).
650 _xMicrosoft Word.
999 _c300898
_d300898